За квадратным столом политэкономы, управленцы, плановики, финансисты

Библиографические подробности
Другие авторы: Рогачев С. В. (редактор)
Язык:русский
Опубликовано: Москва, Экономика, 1989
Серии:Радикальная экономическая реформа
Предметы:
Формат: MixedMaterials Книга
Запись в KOHA:https://koha.lib.tpu.ru/cgi-bin/koha/opac-detail.pl?biblionumber=253620

MARC

LEADER 00000nam0a2200000 4500
001 253620
005 20231101232848.0
010 |a 5282007258 
035 |a (RuTPU)RU\TPU\book\276019 
090 |a 253620 
100 |a 20140314d1989 k y0rusy50 ca 
101 0 |a rus 
102 |a RU 
105 |a y z 000zy 
200 1 |a За квадратным столом политэкономы, управленцы, плановики, финансисты 
210 |a Москва  |c Экономика  |d 1989 
215 |a 223 с. 
225 1 |a Радикальная экономическая реформа 
606 1 |a Экономические реформы  |y Россия  |y СНГ  |2 stltpush  |3 (RuTPU)RU\TPU\subj\67505  |9 83280 
610 1 |a политическая экономия 
610 1 |a интенсификация 
610 1 |a социалистическое производство 
610 1 |a качество 
610 1 |a экономический рост 
610 1 |a публицистика 
686 |a У9(2)0-183  |v LBC/SL-A  |2 rubbk 
702 1 |a Рогачев  |b С. В.  |4 340 
801 1 |a RU  |b 63413507  |c 20140314 
801 2 |a RU  |b 63413507  |c 20140319  |g RCR 
942 |c BK